Imperialismo y fuerza de trabajo femenina

Sparad:
Bibliografiska uppgifter
Huvudupphovsman: Aranda, Clara Eugenia
Materialtyp: Text
Publicerad: México :
Taggar: Lägg till en tagg
Inga taggar, Lägg till första taggen!

MARC

LEADER 00000 a a2200000 04500
001 14209
003
040
090 |a 027300  
100 |a Aranda, Clara Eugenia  
245 |a Imperialismo y fuerza de trabajo femenina  
260 |a México :  
300 |a 11 p.  
999 |c 4706  |d 4706